Bàn về Tam Quốc Chí /

में बचाया:
ग्रंथसूची विवरण
मुख्य लेखक: Phan Kế Bính
अन्य लेखक: Mao Tôn Cương
स्वरूप: Sách giấy
भाषा:Vietnamese
प्रकाशित: Hà Nội : Văn học , 1996
टैग : टैग जोड़ें
कोई टैग नहीं, इस रिकॉर्ड को टैग करने वाले पहले व्यक्ति बनें!
Thư viện lưu trữ: Thư viện Trường Đại học Đà Lạt
LEADER 00597nam a2200253 4500
001 DLU020010131
005 ##11/16/1999
041 # # |a vie 
082 # # |a 895.1  |b MA-C 
090 # # |a 895.1  |b MA-C 
100 # # |a Phan Kế Bính 
245 # # |a Bàn về Tam Quốc Chí /  |c Phan Kế Bính, Mao Tôn Cương 
260 # # |a Hà Nội :  |b Văn học ,  |c 1996 
300 # # |a 328 tr.;   |c 19 cm. 
700 # # |a Mao Tôn Cương 
992 # # |a 26000 
994 # # |a DLU 
900 # # |a False 
911 # # |a admin 
925 # # |a G 
926 # # |a A 
927 # # |a SH 
980 # # |a Thư viện Trường Đại học Đà Lạt